Quiz de times de futebol de Angola - Statistics

Estatísticas Gerais
  • Esse quiz foi jogado 11 vezes
  • A pontuação média é 7 de 15
Estatísticas das Respostas
Imagem Resposta % Correto
Esperança
89%
Lobito
89%
Maquis
89%
Petro
89%
Kabuscorp
67%
Lunda Sul
67%
Pedra D'Água
44%
Wiliete
44%
Santa Rita
33%
Guicoss
22%
ASK Dragão
11%
Huambo
11%
Isaac
11%
Quela
11%
Sporting do Bié
11%
Nenhum quiz correspondente encontrado
Distribuição das Pontuações
Porcentagem de Pessoas com Cada Pontuação
Percentil de Números Respondidos
Sua Pontuação Histórica
Você não jogou esse quiz